000 00744cam a2200265 4500
008 090401t1996 xxu||||| |||| 00| 0 eng d
020 _a0860174328
035 _a(Sirsi) u57459
041 _aeng
050 _a627.82
100 _aKennard, M.F.
245 _aEngineering guide to the safety of concrete and masonry dam structures in the UK.
260 _aLondon
_bCIRIA
_c1996
300 _a172p. : ill. ; 24cm.
350 _a59
490 _aCIRIA Report
_v148
650 _aDAMS
650 _aDESIGN
690 _aBUILT ENVIRONMENT-CONSTRUCTION DESIGN
700 _aOwens, C.L.
700 _aReader, R.A.
710 _aConstruction Industry Research and Information Association
_94810
942 _n0
948 _c04/03/1997
999 _c93935
_d93935